Normal view
MARC view
- Allen, John R.
Entry Personal Name
001 - CONTROL NUMBER
- control field: 393120
003 - CONTROL NUMBER IDENTIFIER
- control field: KE-NaSUL
005 - DATE AND TIME OF LATEST TRANSACTION
- control field: 20250829204107.0
008 - FIXED-LENGTH DATA ELEMENTS
- fixed length control field: 250829|| aca||aabn | a|a d
040 ## - CATALOGING SOURCE
- Original cataloging agency: KE-NaSUL
- Transcribing agency: KE-NaSUL
100 ## - HEADING--PERSONAL NAME
- Personal name: Allen, John R.
- Fuller form of name: (John Richard),
- Dates associated with a name: 1953-
670 ## - SOURCE DATA FOUND
- Source citation: Work cat.: (KE-NaSUL)304400: Allen, P. A. 393119, Basin analysis, 2013.